00539nam a2200169Ia 4500003000900000008004100009040001600050080002200066110003300088245011000121260005000231300000900281500001800290650002200308650001800330650002100348IN-BaIIA211028s9999 xx 000 0 eng d cIIA Library a083.7:683.33bISI aIndian Standards Institution 0aIndian standard specification for drawer locks, cupboard lock and box lockscIndian Standards Institution aNew DelhibIndian Standards Institutionc1970 a22p. aIS 729 : 1969 a Locks-Standards a Standards  aNASA Thesaurus